| 000 | 00484nam a2200181Ia 4500 | ||
|---|---|---|---|
| 008 | 240925s9999 xx 000 0 und d | ||
| 020 | _a9812400575 | ||
| 082 | _a621.395 UYE | ||
| 100 | _aUyemura, John P. | ||
| 245 | 2 | _aA First Course in Digital Systems Design: an integrated approach | |
| 250 | _aNA | ||
| 260 |
_aLondon: _bThomas lear _c,2001. |
||
| 300 |
_axvii,329p. _bNA _fOriginal |
||
| 500 | _aNA | ||
| 600 | _aEngineering Technology | ||
| 650 | _aTechnology | ||
| 942 | _cBK | ||
| 999 |
_c7941 _d7941 |
||